Quá trình chuyển biến về kinh tế - xã hội của thành phố Đà Lạt từ năm 1986 đến năm 2000 /

Wedi'i Gadw mewn:
Manylion Llyfryddiaeth
Prif Awdur: Võ Tấn Tú
Awduron Eraill: Nguyễn Cảnh Huệ (hướng dẫn)
Fformat: Luận văn
Iaith:Vietnamese
Cyhoeddwyd: Đà Lạt : Trường Đại học Đà Lạt, 2003
Pynciau:
Tagiau: Ychwanegu Tag
Dim Tagiau, Byddwch y cyntaf i dagio'r cofnod hwn!
Thư viện lưu trữ: Thư viện Trường Đại học Đà Lạt
LEADER 00930nam a2200313 4500
001 DLU040028042
040 # # |a DLU  |b vie 
041 # # |a vie 
044 # # |a vn 
082 # # |a 330  |b VO-T 
100 # # |a Võ Tấn Tú 
245 # # |a Quá trình chuyển biến về kinh tế - xã hội của thành phố Đà Lạt từ năm 1986 đến năm 2000 /  |c Võ Tấn Tú 
260 # # |a Đà Lạt :  |b Trường Đại học Đà Lạt,  |c 2003 
300 # # |a 96 tr. ;  |c 30 cm 
504 # # |a Tài liệu tham khảo : tr. 95 - 96 
653 # # |a Đà Lạt 
653 # # |a Kinh tế 
653 # # |a Xã hội 
700 # # |a Nguyễn Cảnh Huệ  |e hướng dẫn 
915 # # |a Lịch sử.  |b CH00077,  |c Thạc sĩ.  |d Trường Đại học Đà Lạt 
992 # # |a 0 
994 # # |a DLU 
900 # # |a True 
911 # # |a Thái Thị Thanh Thủy 
925 # # |a G 
926 # # |a A 
927 # # |a LA 
980 # # |a Thư viện Trường Đại học Đà Lạt